| 000 | 01590nam a2200481 i 4500 | ||
|---|---|---|---|
| 001 | 19357 | ||
| 003 | KOSZ 005 | ||
| 005 | 20191116114109.0 | ||
| 008 | 000320s1980 pl a f |001 0 pol d | ||
| 015 | _aPB 1980/5455 | ||
| 020 | _a8320401852 | ||
| 035 | _a991013410549705066 | ||
| 035 | _a(PL-WaBN)b13614046-48omnis_nlop | ||
| 035 | _ab13614046 | ||
| 035 | _a(OCoLC)830954361 | ||
| 035 | _a(PL)b0000001361404 | ||
| 035 | _a(EXLNZ-48OMNIS_NETWORK)9910292153005606 | ||
| 040 |
_aWA N _cWA N _dKOSZ 005/EG |
||
| 041 | 0 | _apol | |
| 046 | _k1967 | ||
| 080 | _a621.74 | ||
| 100 | 1 |
_aChudzikiewicz, Ryszard _d(1923-2005) _eAutor |
|
| 245 | 1 | 0 |
_aMechanizacja i automatyzacja odlewni / _cRyszard Chudzikiewicz. |
| 250 | _aWyd. 3 całkowicie przer. | ||
| 260 |
_aWarszawa : _bWydaw-a Naukowo-Techniczne, _c1980. |
||
| 300 |
_a602, [2] s., [2] k. tabl. : _bil. tab. ; _c25 cm. |
||
| 336 |
_2rdacontent _aTekst _btxt |
||
| 337 |
_2rdamedia _aBez urządzenia pośredniczącego _bn |
||
| 338 |
_2rdacarrier _aWolumin _bnc |
||
| 380 | _aKsiążki | ||
| 380 | _aPublikacje fachowe | ||
| 388 | _a1901-2000 | ||
| 388 | _a1945-1989 | ||
| 500 | _aWyd. poprz. pt. : Mechanizacja odlewni. | ||
| 504 | _aBibliogr. s. 590 i przy rozdz. . - Indeks. | ||
| 650 | 7 |
_aOdlewnictwo _2DBN |
|
| 650 | 7 | _aMechanizacja | |
| 658 | _aInżynieria i technika | ||
| 710 | 2 | _aWydawnictwa Naukowo-Techniczne | |
| 856 |
_uhttp://koha.tu.koszalin.pl/cgi-bin/koha/opac-detail.pl?biblionumber=19357 _yKatalog online BPK |
||
| 942 |
_2UKD _cKS |
||
| 999 |
_c19357 _d19357 |
||